| 000 | 00414nam a2200169Ia 4500 | ||
|---|---|---|---|
| 008 | 230524s9999 xx 000 0 und d | ||
| 020 | _a815982722465 | ||
| 082 |
_a547 _bAGR |
||
| 100 | _aO.P.Agrawal | ||
| 245 | 0 | _aOrganic Chemistry Reactions And Reagents | |
| 250 | _aIST | ||
| 260 |
_aMEERUT _bKrishna Pub _c2008 |
||
| 300 | _aXIX;982 | ||
| 500 | _aQuantity Number: 3 | ||
| 650 | _aChemistry | ||
| 942 | _cBK | ||
| 999 |
_c40966 _d40966 |
||